01895nam a2200481 i 450000100060000000300080000600500170001400600190003100700150005000800410006502000270010602000180013303500230015103500240017403500250019803500210022304000310024405000210027508000080029608200180030424501210032226400650044330000410050833600310054933700330058033800430061349000350065650000220069150400290071358801280074259001640087065000370103465000380107165100470110965100500115665500270120670000240123370000220125779700190127983000360129885600620133499900170139649107FlNmELB20241216232013.0m o d | cr cnu||||||||141216s2007 mx ob 001 0 spa d a9781449269371 (e-book) z9789703235360 a(MiAaPQ)EBC3226211 a(Au-PeEL)EBL3226211 a(CaPaEBR)ebr10995378 a(OCoLC)929774880 aFINmELBbspaerdacFINmELB 4aHC135bM248 2007 a3380 a338.9720722300aMacroeconomía del crecimiento sostenido /cJosé Luis Calva, coordinador ; Germán Alarco Tosoni [y otros 13]. 1aMéxico, D. F. :bEditorial Miguel Ángel Porrúa,c2007. a1 recurso en línea (232 páginas) atextobtxt2rdacontent/spa acomputadorabc2rdamedia/spa arecurso en líneabcr2rdacarrier/spa1 aAgenda para el desarrollo ;v4 aIncluye índice. aContiene bibliografía. aDescripción basada en recurso en línea; Título de la página del título en PDF (e-libro, visto December 16, 2014). aRecurso electrónico. Santa Fe, Arg.: e-libro, 2015. Disponible vía World Wide Web. El acceso puede estar limitado para las bibliotecas afiliadas a e-libro. 0aSustainable developmentzMexico. 4aDesarrollo sustentablezMéxico. 0aMexicoxEconomic conditionsy21st century. 4aMéxicoxCondiciones económicasySiglo 21. 4aLibros electrónicos.1 aCalva, José Luis.1 aAlarco, Germán.2 ae-libro, Corp. 0aAgenda para el desarrollo ;v4.40uhttps://elibro.net/ereader/politecnicointernacional/74526 c49107d49107